Economic Development Strategies for Indpendent Namibia / (Record no. 1080)

MARC details
000 -LEADER
fixed length control field 00542nam a22001697a 4500
005 - DATE AND TIME OF INPUT
control field 20231130094723.0
008 - DATA ELEMENTS--GENERAL INFORMATION
fixed length control field 231130b |||||||| |||| 00| 0 eng d
020 ## - INTERNATIONAL STANDARD BOOK NUMBER
International Standard Book Number 9982110047
041 ## - LANGUAGE CODE
Language code of text English
082 ## - SHELF NUMBER
DDC number 339.3688 AUL
100 ## - MAIN AUTHOR
Language of a work English
245 ## - TITLE STATEMENT
Title Economic Development Strategies for Indpendent Namibia /
Statement of responsibility, etc. edited by NK Duggal
260 ## - PUBLICATION, DISTRIBUTION, ETC.
Place of publication, distribution, etc. Lusaka :
Name of publisher, distributor, etc. United Nations Institute for Namibia,
Date of publication, distribution, etc. 1989
300 ## - PHYSICAL DESCRIPTION
Other physical details x, 213 pages ;
Dimensions 24 cm.
650 ## - SUBJECT`
Broad subject Legal practice
Own subject terms Law
942 ## - ADDED ENTRY ELEMENTS (KOHA)
Item type Books
942 ## - ADDED ENTRY ELEMENTS (KOHA)
-- ALISON_BN_VRIES
Holdings
Source of classification or shelving scheme Not for loan Collection code Home library Current library Shelving location Date acquired Full call number Barcode Price effective from Koha item type
Dewey Decimal Classification   TEXT BOOKS LAW SOCIETY OF NAMIBIA LIBRARY - WINDHOEK LAW SOCIETY OF NAMIBIA LIBRARY - WINDHOEK General Shelf 11/30/2023 339.3688 AUL LSN/1990/31 11/30/2023 Books